The Indian Boss at Work: Thinking Global Acting Indian/ (Record no. 178455)

MARC details
000 -LEADER
fixed length control field 00589nam a22001817a 4500
005 - DATE AND TIME OF LATEST TRANSACTION
control field 20210331123821.0
010 ## - LCCN (DPL NO)
LC control number ENG-129354
020 ## - INTERNATIONAL STANDARD BOOK NUMBER
International Standard Book Number 978-93-5388-465-9
Terms of availability 695.00
035 ## - SYSTEM CONTROL NUMBER
System control number EN-112886
037 ## - SOURCE OF ACQUISITION
Source of stock number/acquisition DBAD/PUB
082 ## - DEWEY DECIMAL CLASSIFICATION NUMBER
Classification number 658.4092
100 ## - MAIN ENTRY--PERSONAL NAME
Personal name Correa, Steve
245 ## - TITLE STATEMENT
Title The Indian Boss at Work: Thinking Global Acting Indian/
Statement of responsibility, etc Steve Correa
260 ## - PUBLICATION, DISTRIBUTION, ETC. (IMPRINT)
Place of publication, distribution, etc New Delhi
Name of publisher, distributor, etc Sage Publication India
Date of publication, distribution, etc 2020
270 ## - ADDRESS
Address B1/1-1 Mohan Cooperative Industrial Area Mathura Road
City New Delhi
Postal code 110044
300 ## - PHYSICAL DESCRIPTION
Extent xvi+318p.
Dimensions 22cm(hbk)
942 ## - ADDED ENTRY ELEMENTS (KOHA)
Source of classification or shelving scheme Dewey Decimal Classification
Item type English Books
Classification part 658.4092
Call number suffix COR
Holdings
Withdrawn status Lost status Not for loan Collection code Home library Current library Date acquired Source of acquisition Cost, normal purchase price Full call number Barcode Copy number Cost, replacement price Koha item type
      Non-fiction Shahdara Branch Shahdara Branch 31/03/2021 DBAD/PUB 695.00 658.4092 COR EN-112886 1 695.00 English Books

© Delhi Public Library
Hit Counter
free hit counter